Tổ chức và hoạt động hội đồng nhân dân cấp xã trước yêu cầu đổi mới - từ thực tiễn thí điểm thành lập các ban hội đồng nhân dân cấp xã ở tỉnh Đồng Nai
Spremljeno u:
| Glavni autor: | |
|---|---|
| Format: | Knjiga |
| Jezik: | Undetermined |
| Teme: | |
| Online pristup: | http://lrc.tdmu.edu.vn/opac/search/detail.asp?aID=2&ID=23740 |
| Oznake: |
Dodaj oznaku
Bez oznaka, Budi prvi tko označuje ovaj zapis!
|
| Thư viện lưu trữ: | Trung tâm Học liệu Trường Đại học Thủ Dầu Một |
|---|
| LEADER | 00862nam a2200145Ia 4500 | ||
|---|---|---|---|
| 001 | TDMU_23740 | ||
| 008 | 210410s9999 xx 000 0 und d | ||
| 082 | |a 352.14 | ||
| 100 | |a Viên, Hồng Tiến | ||
| 245 | 0 | |a Tổ chức và hoạt động hội đồng nhân dân cấp xã trước yêu cầu đổi mới - từ thực tiễn thí điểm thành lập các ban hội đồng nhân dân cấp xã ở tỉnh Đồng Nai | |
| 245 | 0 | |c Viên Hồng Tiến | |
| 300 | |a Tr.60-68 | ||
| 650 | |a Hội đồng nhân dân cấp xã ; Đồng Nai; Thực tiễn thí điểm ; Tổ chức và hoạt động; Chính trị Xã hội | ||
| 856 | |u http://lrc.tdmu.edu.vn/opac/search/detail.asp?aID=2&ID=23740 | ||
| 980 | |a Trung tâm Học liệu Trường Đại học Thủ Dầu Một | ||